000 00582nam a2200193 4500
001 117639
003 ES-MaACL
005 20250407063113.0
007 t|
008 070214s1967 sp r ||||1| cat d
100 1 _aPedrolo, Manuel de,
_d1918-1991
_989937
245 1 0 _aM'enterro en els fonaments /
_cManuel de Pedrolo ; próleg de Joaquín Marco.
250 _a[1ª ed.].
260 _aBarcelona :
_bProa,
_c1967.
300 _a330 p. ;
_c17 cm.
700 1 _aMarco, Joaquín,
_d1935-2020
_976466
852 _aES-MaACL
_jC-34294
_bR.64874
999 _c117639
_d117639